Những gì chưa phai mờ trong ký ức : Hồi ký ngoại giao

Guardat en:
Dades bibliogràfiques
Autor principal: Nguyễn, Anh Tuấn
Format: Llibre
Idioma:Undetermined
Publicat: Hà Nội Chính Trị Quốc Gia 2002
Matèries:
Etiquetes: Afegir etiqueta
Sense etiquetes, Sigues el primer a etiquetar aquest registre!
Thư viện lưu trữ: Trung tâm Học liệu Trường Đại học Cần Thơ
LEADER 00626nam a2200217Ia 4500
001 CTU_95517
008 210402s9999 xx 000 0 und d
020 |c 23000 
082 |a 959.7092 
082 |b T502 
100 |a Nguyễn, Anh Tuấn 
245 0 |a Những gì chưa phai mờ trong ký ức : 
245 0 |b Hồi ký ngoại giao 
245 0 |c Nguyễn Anh Tuấn 
260 |a Hà Nội 
260 |b Chính Trị Quốc Gia 
260 |c 2002 
650 |a Vietnam 
650 |x History,Biography 
904 |i Trọng Hải 
980 |a Trung tâm Học liệu Trường Đại học Cần Thơ